| 000 | 01296nam a2200349 i 4500 | ||
|---|---|---|---|
| 001 | 192185 | ||
| 003 | SpMaBN | ||
| 005 | 20240128062952.0 | ||
| 008 | 221113s1991 sp | |||| ||spa | ||
| 016 | 7 |
_abimoBNE19921990470 [ _2SpMaBN] |
|
| 017 |
_aB 28567-1992 _bOficina Depósito Legal Barcelona |
||
| 020 | _a8401240301 | ||
| 035 | _a(OCoLC)434676268 | ||
| 040 |
_aSpMaBN _bspa _cSpMaBN _erdc |
||
| 080 | _a930.85(32) | ||
| 100 | 1 |
_aRachewiltz, Boris de. _994879 _eaut |
|
| 245 | 1 | 4 |
_aLos antiguos egipcios : _b[imágenes, escenas y documentos de la vida cotidiana] / _pBoris de Rachewiltz ; [traducción de Lorenzo Cortina]. |
| 250 | _aPrimera edición: enero, 1991 | ||
| 260 |
_aBarcelona : _bPlaza & Janés, _c1991. |
||
| 300 |
_a224 páginas, [32] páginas de láminas (blanco y negro) ; _c22 cm. |
||
| 490 | 1 | _aSaber más | |
| 500 | _aÍndice | ||
| 504 | _aBibliografía: páginas [211]-224. | ||
| 651 | 7 |
_aEgipto- _xCivilización. _98138 |
|
| 700 | 1 |
_940943 _aCortina, Lorenzo _etrl |
|
| 830 | 1 |
_aSaber más _9193560 |
|
| 852 | 4 |
_aES-MaACL _jN-8129 _bR. 152369 _cDEPOJ _hDonación: José Lázaro García _9199467 |
|
| 903 |
_9234219 _aLázaro García, José _ednr |
||
| 942 |
_cMONOGRAFIA _n0 |
||
| 999 |
_c192185 _d192185 |
||